Statistics for Lana Del Rey - Terrence Loves You

Click here to take the quiz!

General Stats

  • This quiz has been taken 12 times
  • The average score is 200 of 233

Answer Stats

Answer% Correct
and
100%
And
100%
blues
100%
But
100%
got
100%
I
100%
lost
100%
my
100%
myself
100%
still
100%
the
100%
what
100%
when
100%
Will
100%
will
100%
You
100%
you
100%
are
89%
Can
89%
can
89%
control
89%
don't
89%
get
89%
Ground
89%
hear
89%
Hollywood
89%
I'll
89%
I've
89%
jazz
89%
legends
89%
Major
89%
on
89%
radio
89%
those
89%
to
89%
To
89%
Tom
89%
trashed
89%
who
89%
all
78%
anyone
78%
crazy
78%
for
78%
For
78%
grow
78%
long?
78%
matter
78%
me?
78%
me
78%
never
78%
night
78%
old
78%
put
78%
television
78%
anything
67%
bad
67%
be
67%
change
67%
cold
67%
darling
67%
here
67%
Isn't
67%
let
67%
not
67%
strange
67%
transmit
67%
Trying
67%
tunes
67%
Well
67%
with
67%
your
67%
hidden
56%
hold
56%
it
56%
lights
56%
mind
56%
that
56%
won't
56%
you're
56%
dare
44%
in
44%
love
44%
Mmm
44%
mmm
44%
putting
44%
thee
44%
tight
44%
I'm
33%
our
22%
though
22%
was
22%

Score Distribution

Percentile by Number Answered

Percent of People with Each Score

Your Score History

You have not taken this quiz